000 00356nam a2200133Ia 4500
008 191206s9999 xx 000 0 und d
020 _a9.78019E+12
090 _aDA152.SA7
245 0 _aOxford guide to Arthurian literature and legend
260 _aOxford University Press
260 _cc2005
300 _a"xiv, 496 p. ; 24 cm."
999 _c16639
_d16639